000
nam a22 7a 4500
999
_c
35900
_d
35900
003
OSt
005
20170719150619.0
008
170719b xxu||||| |||| 00| 0 eng d
040
_c
SEROSOFT
100
_a
ANDERSON
245
_a
POWER SYSTEM
260
_a
DELHI
_b
WILEY INDIA
_c
2012
300
_a
1306
_b
5 COPY
942
_2
ddc
_c
03
_k
POLY